Tính toán thiết kế các công trình phụ tạm để thi công cầu

Na minha lista:
Detalhes bibliográficos
Autor principal: Phạm, Huy Chính
Formato: Livro
Idioma:Undetermined
Publicado em: Hà Nội Xây dựng 2004
Assuntos:
Tags: Adicionar Tag
Sem tags, seja o primeiro a adicionar uma tag!
Thư viện lưu trữ: Trung tâm Học liệu Trường Đại học Cần Thơ
LEADER 00594nam a2200205Ia 4500
001 CTU_88251
008 210402s9999 xx 000 0 und d
020 |c 35000 
082 |a 624.2 
082 |b Ch312 
100 |a Phạm, Huy Chính 
245 0 |a Tính toán thiết kế các công trình phụ tạm để thi công cầu 
245 0 |c Phạm Huy Chính 
260 |a Hà Nội 
260 |b Xây dựng 
260 |c 2004 
650 |a Bridges 
650 |x Design and construction 
904 |i Truc 
980 |a Trung tâm Học liệu Trường Đại học Cần Thơ